| 000 | 00576nam a22002057a 4500 | ||
|---|---|---|---|
| 003 | OSt | ||
| 005 | 20210414104820.0 | ||
| 008 | 210307s1971 ||||| |||| 00| 0 eng d | ||
| 040 |
_aeng _beng _cDLC |
||
| 041 | _aeng | ||
| 080 |
_a821.111 _bD-14 |
||
| 100 |
_91296 _aDahlstrom, Sture |
||
| 245 |
_aCuckoo's Progress _c/ by: The Olympia Press, Inc |
||
| 260 |
_aNew York _bThe Olympia Press, Inc _c1971 |
||
| 300 | _a297 p. | ||
| 365 | _b2.25 usd | ||
| 650 | 0 |
_9254 _aEnglish literature |
|
| 653 | _aინგლისური ლიტერატურა | ||
| 942 |
_2udc _cBK |
||
| 999 |
_c2031 _d2031 |
||